| 000 | 00704nam a2200205Ia 4500 | ||
|---|---|---|---|
| 003 | GCL | ||
| 008 | 140319s9999 xx 000 0 ara d | ||
| 040 |
_aGCL / _cGCL |
||
| 082 | 0 | 4 |
_a910.03 _bف ج |
| 100 | 1 | _aفتحى محمد مصيلحى | |
| 245 | 1 | 0 |
_aالجغرافيا البشرية بين نظرية المعرفة وعلم المنهج الجغرافى / _cفتحى محمد مصيلحى |
| 260 |
_a[S.N] : _bلا يوجد ، _c1994 |
||
| 300 | _a330 ص | ||
| 490 | _a | ||
| 650 | 0 | 4 | _aالجغرافيا الاقتصادية |
| 650 | 0 | 4 | _aالبيئة والانسان |
| 650 | 0 | 4 | _aالجغرافيا البشرية |
| 650 | 0 | 4 | _aالجغرافيا السياسية |
| 942 |
_2ddc _cBK |
||
| 999 |
_c36843 _d36843 |
||